| 000 | 00342nam a22001337a 4500 | ||
|---|---|---|---|
| 008 | 190305b xxu||||| |||| 00| 0 eng d | ||
| 020 | _a9780898621457 | ||
| 041 | _aeng | ||
| 080 | _a159.9 | ||
| 100 | _a49 | ||
| 101 | _aPSI | ||
| 245 |
_aThe New Constructive collaboration language in Psycotherapy of change _cFriedman,S |
||
| 942 |
_2udc _cBK |
||
| 999 |
_c54493 _d54493 |
||